00723cam a2200205 a 450000100100000000500170001000800410002704000290006808200180009710000560011524500410017126000370021230000210024965000310027065000350030191000330033604900090036995201220037899900170050000001847420200929165818.0701120s1972 nyu 000 1 eng d aDO-SdBNPbengcLCdBNPHU a813.54bC345d1 aCassill, R. V.q(Ronald Verlin),d1919-2002.93997210aDoctor Cobb's game /cR. V. Cassill. aNew York :bBantam Books,c1972. a532 p. ;c22 cm. 4aNovela estadounidense9262 4aLiteratura estadounidense9263 aCatalogación derivada / LC aBNGR 001052708MOaGRbGRcCTd2010-05-10iLF1l0o813.54 C345dp18474-10r2020-06-25w2020-06-25y2ZPréstamo interno c17994d17994